| 000 | 00742nam a2200217Ii 4500 | ||
|---|---|---|---|
| 003 | JO-AjNU | ||
| 008 | 230605s9999||||xx |||||||||||||| ||und|| | ||
| 017 | _a2011/8498 | ||
| 020 | _a978-977-5029-13-3 | ||
| 040 |
_aJO-AjNU _bara _erda _cJO-AjNU |
||
| 041 | _aara | ||
| 050 | 1 | 4 | _aQA76.73.B3.A926 2011 |
| 100 | 3 |
_aعزب، محمدعزب, _eauthor _944339 |
|
| 245 | 0 | 0 | _aتعلم بسهولة فبجوال بيسك =Visual Basic.net 2010 |
| 264 | 3 | 1 | _aالقاهرة:دار الكتب العلمية ، 2011 |
| 300 | _a368ص | ||
| 336 |
_atext _btxt _2rdacontent |
||
| 337 |
_aunmediated _bn _2rdamedia |
||
| 338 |
_avolume _bnc _2rdacarrier |
||
| 650 | 4 |
_a لغة البيسك. -الحاسبات الالكترونية-لغات _944340 |
|
| 999 |
_aA19136 _c22704 _d22704 |
||